000 00413cam a2200169 4500
001 D14034
008 090401t1934 xxu||||| |||| 00| 0 eng d
035 _a(Sirsi) u13050
041 _aeng
100 _aTerry, G.P.Warner
245 4 _aThe Rating and Valuation Acts, 1925 to 1932
260 _aLondon
_bCharles Knight and Co
_c1934
350 _a0
520 _aShelf 135
942 _n0
948 _c04/03/1997
999 _c87055
_d87055